| Tag |
First Indicator |
Second Indicator |
Subfields |
| LEADER |
00000cam a2200000 a 4500 |
| 001 |
in00000086027 |
| 005 |
20151008064422.0 |
| 008 |
800703s1980 ohua 00010 eng d |
| 035 |
|
|
|a (OCoLC)06483567
|
| 035 |
|
|
|9 AAK4136AM
|
| 040 |
|
|
|a CSA
|c CSA
|d TXA
|d UtOrBLW
|
| 049 |
|
|
|a TXAM
|c [387903]
|
| 090 |
|
|
|a QD9.C49
|b A4 1980
|
| 110 |
2 |
|
|a American Chemical Society.
|b Chemical Abstracts Service.
|
| 245 |
1 |
0 |
|a CAS today :
|b facts and figures about Chemical Abstracts Service.
|
| 264 |
|
1 |
|a Columbus, Ohio :
|b The Society,
|c [1980]
|
| 264 |
|
4 |
|c [©1980]
|
| 300 |
|
|
|a 32 pages :
|b illustrations ;
|c 22 cm.
|
| 336 |
|
|
|a text
|b txt
|2 rdacontent
|
| 337 |
|
|
|a unmediated
|b n
|2 rdamedia
|
| 338 |
|
|
|a volume
|b nc
|2 rdacarrier
|
| 500 |
|
|
|a Cover title.
|
| 610 |
2 |
0 |
|a American Chemical Society.
|b Chemical Abstracts Service.
|
| 650 |
|
0 |
|a Information services.
|
| 650 |
|
0 |
|a Information storage and retrieval systems
|x Chemistry.
|
| 999 |
|
|
|a MARS
|
| 999 |
f |
f |
|s ad7f3a67-040c-3d5e-b19d-86840a6b295a
|i 65b1fc71-905c-3905-b21e-f8ff7d5bef88
|t 0
|
| 952 |
f |
f |
|p ric
|a Texas A&M University
|b Rellis Campus
|c Joint Library Facility
|d Remote Storage
|t 0
|e QD9.C49 A4 1980
|h Library of Congress classification
|i unmediated -- volume
|m A14806210367
|
| 998 |
f |
f |
|a QD9.C49 A4 1980
|t 0
|l Remote Storage
|